| 000 | 00986cam a2200325Mi 4500 | ||
|---|---|---|---|
| 001 | 49944 | ||
| 005 | 20230410120759.0 | ||
| 008 | 050420s2004 sp 000 0 spa d | ||
| 035 | _a(OCoLC)ocm59354855 | ||
| 040 |
_aPL# _bspa _cPL# |
||
| 020 | _a8496164187 | ||
| 020 | _a9788496164185 | ||
| 029 | 0 |
_aPL# _b8496164187 |
|
| 035 | _a(OCoLC)59354855 | ||
| 050 | 1 | 4 |
_aHV 7243 _bG631p 2004 |
| 100 | 1 | _aGómara Hernández, José Luis. | |
| 245 | 1 | 0 |
_aProntuario de seguridad pública e intervención policial / _cautores: José Luis Gómara Hernández, David Agorreta Ruiz. |
| 250 | _a2a ed. | ||
| 260 |
_aPamplona : _bDAPP Publicaciones Jurídicas, _c2004. |
||
| 300 |
_a1014 p. ; _c24 cm. |
||
| 500 | _aíndice. | ||
| 650 | 0 |
_aPolice _zSpain |
|
| 653 |
_aPolicía _aEspaña. |
||
| 653 | _aOrden público. | ||
| 700 | 1 |
_aAgorreta Ruiz, David, _eaut. |
|
| 938 |
_aPuvill Libros _bPUVL _n8496164187 _c$116.90 |
||
| 942 |
_2lcc _cbk |
||
| 994 |
_aC0 _bDRFGD |
||
| 946 | _acsexposito | ||
| 999 |
_c51737 _d51737 |
||